New Jersey Transit Stations - Statistics

General Stats
  • This quiz has been taken 199 times
  • The average score is 88 of 210
Answer Stats
Station % Correct
Elizabeth
85%
Trenton
85%
Atlantic City
82%
Secaucus
82%
Newark Pennsylvania
81%
Edison
77%
New Brunswick
76%
Princeton Junction
76%
Hoboken
74%
Morristown
72%
New York Pennsylvania
71%
Linden
70%
Paterson
69%
Rahway
69%
Metropark
68%
Newark Liberty International Airport
64%
Dover
62%
Hamilton
62%
Gladstone
61%
Long Branch
61%
Metuchen
61%
Raritan
61%
East Orange
60%
Boonton
58%
Orange
57%
Perth Amboy
57%
Philadelphia
57%
Asbury Park
56%
Summit
56%
South Orange
55%
Woodbridge
54%
Newark Broad Street
53%
North Elizabeth
53%
Passaic
53%
Union
51%
Jersey Avenue
50%
South Amboy
50%
Red Bank
48%
Hackettstown
47%
Bay Head
46%
Denville
44%
Mahwah
44%
Suffern
44%
Montclair State University
43%
Peapack
43%
Ramsey
43%
Dunellen
41%
Rutherford
41%
Chatham
39%
Cherry Hill
39%
Clifton
39%
Cranford
39%
Egg Harbor City
39%
High Bridge
39%
Ho-Ho-Kus
39%
Middletown
39%
Mountain
39%
Ridgewood
39%
Absecon
38%
Bound Brook
38%
Lindenwold
38%
Maplewood
38%
Pennsauken
38%
Plainfield
37%
Somerville
37%
Garwood
36%
Millburn
36%
Short Hills
36%
Brick Church
35%
Little Silver
35%
Hazlet
34%
Madison
34%
Avenel
32%
Garfield
32%
Lyndhurst
32%
Westfield
32%
Aberdeen-Matawan
31%
Belmar
31%
Hammonton
31%
Morris Plains
31%
Point Pleasant Beach
31%
Spring Valley
31%
Atco
30%
Bay Street
30%
Manasquan
30%
Mount Olive
30%
Waldwick
30%
Bridgewater
29%
Netcong
29%
White House
29%
Bloomfield
28%
Fanwood
28%
Far Hills
28%
Lake Hopatcong
28%
Roselle Park
28%
Teterboro
28%
Annandale
27%
Bernardsville
27%
Convent
27%
Nanuet
27%
Berkeley Heights
26%
Mount Arlington
26%
Ramsey Route 17
26%
Allendale
25%
Bradley Beach
25%
Mount Tabor
25%
Oradell
25%
Pearl River
25%
New Providence
24%
Upper Montclair
24%
Anderson Street
23%
Glen Rock Boro Hall
23%
Montvale
23%
Hawthorne
22%
Hillsdale
22%
Little Falls
22%
Park Ridge
22%
Spring Lake
22%
Westwood
22%
Wayne Route 23
21%
Basking Ridge
20%
Glen Rock Main Line
20%
Kingsland
20%
Lebanon
20%
Mountain Lakes
20%
Netherwood
20%
Allenhurst
19%
Delawanna
19%
Emerson
19%
Gillette
19%
Glen Ridge
19%
Lincoln Park
19%
New Bridge Landing
19%
River Edge
19%
Essex Street
18%
Montclair Heights
18%
Plauderville
18%
Woodcliff Lake
18%
Broadway
17%
Elberon
17%
Monmouth Park
17%
Mountain Avenue
17%
Stirling
17%
Walnut Street
17%
Watchung Avenue
17%
Watsessing Avenue
17%
Radburn
16%
Wood-Ridge
16%
Highland Avenue
15%
Lyons
15%
Towaco
14%
Mountain View
13%
North Branch
13%
Millington
11%
Murray Hill
9%
Wesmont
8%
No matching quizzes found
Score Distribution
Percent of People with Each Score
Percentile by Number Answered
Your Score History
You have not taken this quiz